000 01071nam a2200217 a 4500
001 2046813
003 AM-YEHGA
005 20260408163046.0
008 260126s1962 ai |||gr|||| 000|0 arm d
040 _aAM-YEHGA
041 0 _aarm
100 1 _aԱբրահամյան, Ա․ Ա․
245 1 0 _aԺամանակակից հայերենի բայական դեմքի հարցեր /
_cԱ․ Աբրահամյան ; Հայկական ՍՍՌ Գիտությունների ակադեմիա.
260 _aԵրևան :
_bՀայկական ՍՍՀ ԳԱ հրատ.,
_c1962.
300 _aէջ 31-48 ;
_c25 սմ.
500 _aԱռանձնատիպ՝ Հայկական ՍՍՌ Գիտությունների ակադեմիայի «Տեղեկագրից» (Հասարակական գիտությունների սերիա), № 2, 1962 թ.:
504 _aՄատենագիտ. տողատ. ծանոթ.
650 1 4 _aՀայոց լեզու
_xՔերականություն
_xԱռանձնատիպ
710 2 _aՀայկական ՍՍՌ Գիտությունների ակադեմիա
942 _2udc
_cBK
999 _c540515
_d540515